书目信息 |
| 题名: |
战争年代的铁托
|
|
| 作者: | 纳吉 , Nad 著 ;达洲 译 | |
| 分册: | ||
| 出版信息: | 北京 中国青年出版社 1980 |
|
| 页数: | 172页 | |
| 开本: | 21cm | |
| 丛书名: | ||
| 单 册: | ||
| 中图分类: | K835.437.5 , K833 | |
| 科图分类: | ||
| 主题词: | ||
| 电子资源: | ||
| ISBN: | ||
| 000 | 00872nam0 2200289 450 | |
| 001 | 1574084984 | |
| 005 | 20170926180553.85 | |
| 010 | @dCNY0.59 | |
| 091 | @a11009.97 | |
| 100 | @a19950413d1980 em y0chiy0110 ea | |
| 101 | 1 | @achi@ceng |
| 102 | @aCN@b110000 | |
| 105 | @ac z 000yb | |
| 200 | 1 | @a战争年代的铁托@9zhan zheng nian dai de tie tuo@f(南)纳吉(KostaNad)著@g达洲译 |
| 210 | @a北京@c中国青年出版社@d1980 | |
| 215 | @a172页@c照片@d21cm | |
| 300 | @a书名原文:Ratni Susreti S Titom | |
| 510 | 1 | @aRatni Susreti S titom@zeng |
| 600 | 1 | @a铁托@c(Tito, Josip Broz@f1892~1980)@x生平事迹 |
| 600 | 1 | @2CT@3S074605@a铁托@c(Tito, Josip Broz@f1892~1980) |
| 690 | @aK835.437.5@v5 | |
| 690 | @aK833@v4 | |
| 701 | 1 | @a纳吉@9na ji@bK.@4著 |
| 701 | 1 | @aNad@bK.@4著 |
| 702 | 0 | @a达洲@9da zhou@4译 |
| 801 | 0 | @aCN@bTSSF@c20150120 |
| 905 | @aZUCC@dK833@eJY11 | |
| 战争年代的铁托/(南)纳吉(KostaNad)著/达洲译.-北京:中国青年出版社,1980 |
| 172页:照片;21cm |
| 书名原文:Ratni Susreti S Titom |
| ISBN :CNY0.59 |
| ● |
| 相关链接 |
|
|
|
|
正题名:战争年代的铁托
索取号:K833/JY11
 
预约/预借
| 序号 | 登录号 | 条形码 | 馆藏地/架位号 | 状态 | 备注 |
| 1 | 7836600 | 278366000 | 学院路分馆/ [索取号:K833/JY11] | 在馆 |